Culture Générale - Série 1969 - Statistiques

Statistiques générales
  • Ce quiz a été pris 115 fois
  • Le résultat moyen est 4 sur 10
Statistiques - réponses
Question Réponse % Correct
Quelle abréviation signifie "ce qu'il fallait démontrer" ou "ce qu'il faut dire" ? CQFD
92%
Quel anglicisme désigne la salle de séjour ? living-room
80%
Traiter (qqn) avec rudesse, en le réprimandant ou en le repoussant ( anagramme : "bourrera") rabrouer
66%
Quel département français porte le code Insee 81 ? Tarn
63%
A quel pays appartient l'île d'Aero ? voir drapeau Danemark
59%
Dans quel pays d'Afrique coule le fleuve Drâa ? Maroc
30%
Couper en quartiers, dépecer (un animal mort) équarrir
18%
L'épeautre est une céréale proche du blé appelée aussi "blé des ... Gaulois
12%
Quel anglicisme désigne une catégorie de haut-parleur destinée à ne diffuser que les fréquences les plus basses ? woofer
10%
En poésie, c'est un pied composé d'une syllabe brève suivie d'une longue iambe
9%
Aucun quiz correspondant
Distribution des résultats
% des personnes avec chaque résultat
Percentile par nombre de réponses
Votre historique - résultats
Vous n’avez pas pris ce quiz